| 000 | 00379nam a2200145Ia 4500 | ||
|---|---|---|---|
| 008 | 191201s2005 xx 000 0 und d | ||
| 082 |
_a006.6 _bNEP |
||
| 100 | _aNEWMAN, William M | ||
| 245 | 0 | _aPrinciples of Interactive Computer Graphics | |
| 250 | _a2nd | ||
| 260 |
_aN.Delhi _bTata Mc Graw Hill Pub. co. Ltd _c2005 |
||
| 300 | _a541 | ||
| 650 | _aB.Tech(CSE) | ||
| 942 |
_2ddc _cBK |
||
| 999 |
_c954 _d954 |
||